00421nam a2200121Ia 4500003000400000005001700004008004100021040001800062041000800080100005000088245012500138260003600263OSt20260124113908.0211028s2017 xx 000 0 und d cAIMIT LIBRARY aeng aD Souza, Lemia Jovita; Sumitha, P V.g1516073 aStudy on antecendt of employee gratification an exploratory assessment with reference to big bazaar Attavar Mangalore / aMangalorebSumitha Achar.c2017